00505nam a2200121 4500008002100000020001800021082002600039100002000065245006900085300003700154650014100191700005100332305.488.960.73 W361w a9780872731837 a305.488.960.73bW361w aBrooklyn Museum aWe Wanted a Revolution: Black Radical Women 1965-85bA Surcebook a320 p.bill (col)c26.5 x 20 cm. xsociologíaxgrupos de personasxmujerxafroamericanasxmujeres autorasxmujer afroamericanaxliteratura feministaxfeminismoxhistoria aMorris, Catherine & Hockley, Rujeko (editoras)